000 00494nam a22001817a 4500
003 NUST - PNEC
005 20170116181052.0
008 150929b xxu||||| |||| 00| 0 eng d
020 _a070540983X
040 _cLIBRARY
082 _a909.6 TIM
100 _911822
_aTime-life books
245 _aPowers of the crown : time frame AD 1600-1700
_cTime-Life Books
260 _aU.S.A.
_cc1990.
300 _a175 p.:
650 _911906
_aHistory, modem, 17th century
_xGeneral
942 _2ddc
_cBK
999 _c68409
_d68409